Countries of Africa 1914 - Statistics

General Stats
  • This quiz has been taken 233 times
  • The average score is 8 of 9
Answer Stats
Answer % Correct
France
90%
United Kingdom
89%
Ethiopia
87%
Germany
86%
Spain
85%
Belgium
82%
Italy
81%
Portugal
81%
Liberia
76%
No matching quizzes found
Score Distribution
Percent of People with Each Score
Percentile by Number Answered
Your Score History
You have not taken this quiz